[Event "Winter TNM"]
[Site "San Francisco"]
[Date "2006.01.10"]
[Round "1"]
[White "Braden, Brian"]
[Black "Jones, Ian"]
[Result "0-1"]
[WhiteElo "1160"]
[BlackElo "1754"]
[PlyCount "76"]
[EventDate "2006.01.10"]
[EventType "swiss"]
[EventRounds "8"]
[EventCountry "USA"]

1. e4 e5 2. Nf3 Nc6 3. Bb5 a6 4. Bxc6 dxc6 5. d3 f6 6. Nc3 Bc5 7. O-O Bg4 8. h3
Bh5 9. Qe2 Qd6 10. Be3 Ne7 11. Rfe1 O-O-O 12. Na4 Bxe3 13. Qxe3 Qb4 14. Nc5
Bxf3 15. Ne6 Bh5 16. Nxd8 Rxd8 17. c3 Qb6 18. Qxb6 cxb6 19. g4 Bf7 20. b3 Rxd3
21. Red1 Rxd1+ 22. Rxd1 c5 23. c4 Nc6 24. Kg2 Nd4 25. Rd2 h5 26. Kg3 h4+ 27.
Kg2 g5 28. Kf1 Kc7 29. Kg2 Kc6 30. Rb2 b5 31. cxb5+ Kxb5 32. f3 Kb4 33. Rb1 Ka3
34. Rc1 b6 35. Kf2 Kxa2 36. b4 c4 37. Ke3 Kb2 38. Kd2 Nb3+ 0-1

[Event "Winter TNM"]
[Site "San Francisco"]
[Date "2006.01.10"]
[Round "1"]
[White "Brown, Nicholas"]
[Black "Riese, Kayven"]
[Result "1/2-1/2"]
[WhiteElo "1461"]
[BlackElo "1858"]
[PlyCount "61"]
[EventDate "2006.01.10"]
[EventType "swiss"]
[EventRounds "8"]
[EventCountry "USA"]

1. d4 Nf6 2. c4 e6 3. Nc3 Bb4 4. Qc2 c5 5. Nf3 Nc6 6. e3 O-O 7. Bd3 h6 8. O-O
cxd4 9. exd4 d5 10. cxd5 exd5 11. g3 Bd6 12. Re1 Bg4 13. Be2 Bxf3 14. Bxf3 Nxd4
15. Qd1 Nxf3+ 16. Qxf3 Rc8 17. a3 Bb8 18. Rd1 Re8 19. Be3 Qe7 20. Nxd5 Nxd5 21.
Rxd5 Rc2 22. b4 Be5 23. Rad1 Ra2 24. Rd7 Qe6 25. Rxb7 Rxa3 26. Rxa7 Rb3 27. Rb7
Bc3 28. Qd5 Qxd5 29. Rxd5 Rxb4 30. Rxb4 Bxb4 31. Kg2 1/2-1/2

[Event "Winter TNM"]
[Site "San Francisco"]
[Date "2006.01.10"]
[Round "1"]
[White "Chan, John"]
[Black "Salinas, Chad"]
[Result "0-1"]
[WhiteElo "1659"]
[BlackElo "1958"]
[PlyCount "98"]
[EventDate "2006.01.10"]
[EventType "swiss"]
[EventRounds "8"]
[EventCountry "USA"]

1. c4 e6 2. d4 d5 3. c5 Nf6 4. Nf3 Be7 5. Nc3 O-O 6. h3 Nc6 7. g4 b6 8. cxb6
axb6 9. e3 Ba6 10. Bxa6 Rxa6 11. Qe2 Ra8 12. a3 Ne4 13. h4 f5 14. g5 Qe8 15.
Nd2 Nb4 16. Nb3 Nc6 17. Nb5 Qd7 18. Rg1 Kh8 19. f4 Na5 20. Nd2 Nxd2 21. Bxd2
Nc4 22. Nc3 Nxb2 23. Kf2 Rxa3 24. Rab1 Nc4 25. Rgc1 c6 26. Rc2 b5 27. Bc1 Ra7
28. Qd1 Rfa8 29. Qh5 Qe8 30. Qf3 Ra1 31. Rxa1 Rxa1 32. h5 b4 33. Ne2 b3 34. Rc3
b2 35. Bxb2 Nxb2 36. Rb3 Nc4 37. Rb7 Rf1+ 38. Kxf1 Nd2+ 39. Kf2 Nxf3 40. Kxf3
Qxh5+ 41. Kf2 Qe8 42. Ng1 c5 43. dxc5 Bxc5 44. Nf3 Qc8 45. Rb3 Bd6 46. Kg3 h6
47. Rb1 hxg5 48. Nxg5 Kg8 49. Rg1 e5 0-1

[Event "Winter TNM"]
[Site "San Francisco"]
[Date "2006.01.10"]
[Round "1"]
[White "Dembling, Arthur"]
[Black "Snyder, Larry"]
[Result "0-1"]
[WhiteElo "1674"]
[BlackElo "2062"]
[PlyCount "102"]
[EventDate "2006.01.10"]
[EventType "swiss"]
[EventRounds "8"]
[EventCountry "USA"]

1. e4 d5 2. exd5 Qxd5 3. Nc3 Qa5 4. d4 Nf6 5. Nf3 c6 6. Bc4 Bf5 7. O-O e6 8.
Re1 Nbd7 9. Bd2 Qb6 10. Bb3 Bd6 11. Bg5 O-O 12. h3 Qc7 13. Nh4 Bg6 14. Nxg6
hxg6 15. Qd2 Nh7 16. Bh4 Bf4 17. Qd3 Ndf6 18. Ne2 Rad8 19. c3 Bd6 20. Qf3 Rfe8
21. Rad1 Qa5 22. Nc1 Qf5 23. Qxf5 gxf5 24. Nd3 g5 25. Bg3 Bxg3 26. fxg3 g4 27.
Nf4 Ng5 28. Bc2 gxh3 29. Nxh3 Nge4 30. Kh2 Ng4+ 31. Kg1 Nxg3 32. Nf2 Nxf2 33.
Kxf2 Nh5 34. Re3 Kg7 35. Rde1 Rh8 36. Rh1 Nf6 37. Rg3+ Ng4+ 38. Kg1 Rxh1+ 39.
Kxh1 Kf6 40. Kg1 c5 41. Rd3 cxd4 42. cxd4 Rc8 43. Rc3 Rxc3 44. bxc3 Ke7 45. Bd3
Kd6 46. Kf1 Ne3+ 47. Kg1 Nd5 48. c4 Nb4 49. Bb1 Nc6 50. d5 Ne5 51. dxe6 fxe6
0-1

[Event "Winter TNM"]
[Site "San Francisco"]
[Date "2006.01.10"]
[Round "1"]
[White "Dunham, Tom"]
[Black "Karnad, Josh"]
[Result "0-1"]
[WhiteElo "1304"]
[BlackElo "1800"]
[PlyCount "90"]
[EventDate "2006.01.10"]
[EventType "swiss"]
[EventRounds "8"]
[EventCountry "USA"]

1. e4 e6 2. d4 d5 3. Nc3 Nf6 4. Bg5 Be7 5. e5 Nfd7 6. h4 h6 7. Be3 c5 8. Qg4
Kf8 9. f4 cxd4 10. Bxd4 Nc6 11. Nf3 Nxd4 12. Nxd4 Bb4 13. Rh3 Qb6 14. O-O-O Nc5
15. f5 Bxc3 16. Rxc3 exf5 17. Qf3 Ne4 18. Rcd3 g6 19. Be2 h5 20. Rf1 Kg7 21.
Qe3 Re8 22. Nf3 Qxe3+ 23. Rxe3 Be6 24. Bb5 Rec8 25. Nd4 Rc7 26. Nxe6+ fxe6 27.
Rd1 a6 28. Bd3 Rac8 29. Bxe4 fxe4 30. Rd2 Rf8 31. Kd1 Rf5 32. c3 Rcf7 33. Kc2
Rxe5 34. Rde2 Ref5 35. a3 Rf4 36. g3 Rf3 37. Kd1 Rxe3 38. Rxe3 Rf3 39. Rxf3
exf3 40. Kd2 e5 41. Ke3 e4 42. b4 b5 43. Kd2 f2 44. Ke2 e3 45. Kf1 Kf6 0-1

[Event "Winter TNM"]
[Site "San Francisco"]
[Date "2006.01.10"]
[Round "1"]
[White "Dupree, Charles"]
[Black "Capdeville, Barry"]
[Result "1-0"]
[WhiteElo "1772"]
[BlackElo "1213"]
[PlyCount "57"]
[EventDate "2006.01.10"]
[EventType "swiss"]
[EventRounds "8"]
[EventCountry "USA"]

1. e4 e5 2. f4 Qh4+ 3. g3 Qd8 4. fxe5 d6 5. exd6 Bxd6 6. d4 Ne7 7. Nc3 c6 8.
Be3 Be6 9. Nf3 Bg4 10. Be2 Qc7 11. e5 Bb4 12. a3 Ba5 13. b4 Bb6 14. Ne4 Nf5 15.
Qd3 O-O 16. h3 Bxf3 17. Bxf3 Nd7 18. Bf2 Rfe8 19. g4 Nxe5 20. dxe5 Rad8 21. Qc4
Bxf2+ 22. Kxf2 b5 23. Qc5 Rxe5 24. Qc3 Nd4 25. Rad1 Rxe4 26. Bxe4 Qf4+ 27. Bf3
h6 28. Qe3 Qd6 29. c3 1-0

[Event "Winter TNM"]
[Site "San Francisco"]
[Date "2006.01.10"]
[Round "1"]
[White "Faulkner, Charles"]
[Black "Bertot, German"]
[Result "1-0"]
[WhiteElo "1849"]
[BlackElo "1438"]
[PlyCount "55"]
[EventDate "2006.01.10"]
[EventType "swiss"]
[EventRounds "8"]
[EventCountry "USA"]

1. d4 d5 2. Nf3 Nf6 3. e3 Bg4 4. Nbd2 e6 5. Bd3 Bd6 6. O-O O-O 7. h3 Bh5 8. c4
c6 9. Qc2 Nbd7 10. b3 Qc7 11. c5 Be7 12. Bb2 h6 13. g4 Bxg4 14. hxg4 Nxg4 15.
Kg2 Bh4 16. Nxh4 Qh2+ 17. Kf3 Qxh4 18. Ke2 e5 19. Bh7+ Kh8 20. Nf3 Qe7 21. Bf5
Ngf6 22. dxe5 Ne4 23. Bxd7 Qxd7 24. Rh1 Kg8 25. Rag1 Qe6 26. Nd4 Qe7 27. Rxh6
Nxc5 28. Qh7# 1-0

[Event "Winter TNM"]
[Site "San Francisco"]
[Date "2006.01.10"]
[Round "1"]
[White "Guarino, Robert"]
[Black "Livschitz, Louiza"]
[Result "0-1"]
[WhiteElo "1587"]
[BlackElo "1936"]
[PlyCount "52"]
[EventDate "2006.01.10"]
[EventType "swiss"]
[EventRounds "8"]
[EventCountry "USA"]

1. e4 c5 2. Nc3 d6 3. f4 Nc6 4. Bc4 g6 5. Nf3 Bg7 6. O-O e6 7. d3 Nge7 8. Kh1
O-O 9. a4 Nd4 10. Nxd4 cxd4 11. Ne2 d5 12. Ba2 dxe4 13. dxe4 b6 14. Ng3 Bb7 15.
f5 exf5 16. exf5 Nd5 17. Rg1 Qc7 18. Ne2 Ne3 19. Bxe3 dxe3 20. fxg6 hxg6 21. c3
Rad8 22. Nd4 Qf4 23. Qe2 Be5 24. Nf3 Rd2 25. Nxe5 Rxe2 26. Nxg6 Qf2 0-1

[Event "Winter TNM"]
[Site "San Francisco"]
[Date "2006.01.10"]
[Round "1"]
[White "Kastor, Mark"]
[Black "Ossipov, Victor"]
[Result "0-1"]
[WhiteElo "1684"]
[BlackElo "2132"]
[PlyCount "98"]
[EventDate "2006.01.10"]
[EventType "swiss"]
[EventRounds "8"]
[EventCountry "USA"]

1. e4 e6 2. Nf3 d5 3. exd5 exd5 4. d4 Nf6 5. Bd3 Bd6 6. O-O O-O 7. Bg5 Bg4 8.
Re1 Nbd7 9. Nbd2 c6 10. c3 Qc7 11. h3 Bh5 12. Qc2 Bg6 13. Bxg6 hxg6 14. Re3
Rfe8 15. Rae1 Rxe3 16. Rxe3 Re8 17. Rxe8+ Nxe8 18. Be3 Nef6 19. b3 Nf8 20. c4
Bf4 21. Qc3 Ne6 22. Bxf4 Qxf4 23. Qe3 Kf8 24. Kf1 Qc7 25. Ne5 Qe7 26. c5 Nd8
27. b4 a6 28. a3 Ne6 29. f3 Nd7 30. f4 Nxe5 31. fxe5 Qh4 32. Nf3 Qg3 33. a4 Nf4
34. Qf2 Qxf2+ 35. Kxf2 Nd3+ 36. Ke3 Nxb4 37. Ng5 Ke7 38. a5 Nc2+ 39. Kd3 Ne1+
40. Ke2 Nxg2 41. Nf3 f6 42. Kf2 Nf4 43. Kg3 Ne6 44. exf6+ gxf6 45. h4 Ng7 46.
Kg4 Ke6 47. Kf4 Nf5 48. Kg4 Ne3+ 49. Kg3 Nc4 0-1

[Event "Winter TNM"]
[Site "San Francisco"]
[Date "2006.01.10"]
[Round "1"]
[White "Litowsky, Dan"]
[Black "Margulis, Igor"]
[Result "0-1"]
[WhiteElo "1700"]
[BlackElo "2200"]
[PlyCount "52"]
[EventDate "2006.01.10"]
[EventType "swiss"]
[EventRounds "8"]
[EventCountry "USA"]

1. e4 e5 2. Nc3 Bc5 3. Bc4 Nf6 4. h3 c6 5. d3 d5 6. exd5 cxd5 7. Bb3 h6 8. Nf3
O-O 9. O-O Nc6 10. a3 Re8 11. Ne2 Qb6 12. Nc3 Qd8 13. Ne2 Be6 14. c3 Qc7 15.
Bc2 Rad8 16. b4 Bd6 17. Bb2 Qd7 18. Kh1 Bxh3 19. Neg1 Bg4 20. Qd2 Qf5 21. Nh2
Qh5 22. Bd1 e4 23. Nh3 Bxd1 24. Qxd1 Qh4 25. f4 Nh5 26. Kg1 Nxf4 0-1

[Event "Winter TNM"]
[Site "San Francisco"]
[Date "2006.01.10"]
[Round "1"]
[White "Lupton, Stephen"]
[Black "Nochomovitz, Yigal"]
[Result "0-1"]
[WhiteElo "1326"]
[BlackElo "1840"]
[PlyCount "70"]
[EventDate "2006.01.10"]
[EventType "swiss"]
[EventRounds "8"]
[EventCountry "USA"]

1. e4 e6 2. d3 d5 3. Nd2 Nc6 4. g3 e5 5. Bg2 Be6 6. Ngf3 Qd7 7. h3 Be7 8. Qe2
d4 9. a3 a5 10. Nf1 h6 11. g4 O-O-O 12. Ng3 g6 13. O-O h5 14. Ng5 Bxg5 15. Bxg5
f6 16. Bxf6 Nxf6 17. g5 Nh7 18. h4 Bg4 19. f3 Bh3 20. Kh2 Bxg2 21. Qxg2 Rhf8
22. Rf2 Rf4 23. Qh3 Rdf8 24. Raf1 Kd8 25. Ne2 R4f7 26. Qg3 Qd6 27. f4 exf4 28.
Nxf4 Ne5 29. Qh3 Ng4+ 30. Kg3 Nxf2 31. Rxf2 Rxf4 32. Rxf4 Qxf4+ 33. Kg2 Qf1+
34. Kg3 Rf3+ 35. Kh2 Rxh3# 0-1

[Event "Winter TNM"]
[Site "San Francisco"]
[Date "2006.01.10"]
[Round "1"]
[White "Mar, Henry"]
[Black "Samatra, Mario"]
[Result "0-1"]
[WhiteElo "1565"]
[BlackElo "1900"]
[PlyCount "104"]
[EventDate "2006.01.10"]
[EventType "swiss"]
[EventRounds "8"]
[EventCountry "USA"]

1. d4 d5 2. Nf3 Nf6 3. e3 Bg4 4. Nbd2 e6 5. Bd3 Nbd7 6. O-O c6 7. Qe1 Bd6 8. e4
dxe4 9. Bxe4 Nxe4 10. Nxe4 Be7 11. Ne5 Bf5 12. Nxd7 Qxd7 13. c3 O-O 14. f3 Rad8
15. Bf4 b5 16. Rd1 Qd5 17. a3 a5 18. Bc7 Ra8 19. Ng3 Bg6 20. Ne2 a4 21. Nf4 Qd7
22. Nxg6 hxg6 23. Bg3 Rad8 24. Bh4 g5 25. Bg3 Qd5 26. Qe4 f5 27. Qxd5 Rxd5 28.
Rde1 Kf7 29. Be5 Rfd8 30. Bc7 R8d7 31. Be5 c5 32. Re2 cxd4 33. cxd4 Bf6 34.
Rfe1 Bxe5 35. dxe5 Ke7 36. Kf2 Rc7 37. h3 Rc4 38. g3 Kd7 39. Re3 Rcc5 40. f4
gxf4 41. gxf4 Rc2+ 42. R3e2 Rdd2 43. Rxd2+ Rxd2+ 44. Re2 Rxe2+ 45. Kxe2 Kc6 46.
Kd3 Kd5 47. h4 g6 48. b4 axb3 49. Kc3 Ke4 50. Kxb3 Kxf4 51. Kb4 Kxe5 52. Kxb5
f4 0-1

[Event "Winter TNM"]
[Site "San Francisco"]
[Date "2006.01.10"]
[Round "1"]
[White "Purcell, Brendan"]
[Black "Allen, Tom"]
[Result "1-0"]
[WhiteElo "1874"]
[BlackElo "1487"]
[PlyCount "83"]
[EventDate "2006.01.10"]
[EventType "swiss"]
[EventRounds "8"]
[EventCountry "USA"]

1. e4 e5 2. Nf3 Nc6 3. Bb5 f5 4. Nc3 fxe4 5. Nxe4 d5 6. Nxe5 dxe4 7. Nxc6 Qg5
8. Qe2 Nf6 9. f4 Qxf4 10. d4 Qh4+ 11. g3 Qh3 12. Ne5+ c6 13. Nxc6 a6 14. Bg5
axb5 15. Qxb5 Qd7 16. Qe5+ Qe6 17. Qxe6+ Bxe6 18. Ne5 Bd6 19. O-O O-O 20. b3
Bxe5 21. dxe5 Nd7 22. Bf4 Rac8 23. c4 Rc5 24. Rfe1 Bf5 25. e6 Ne5 26. Kg2 Re8
27. b4 Rxc4 28. Bxe5 Rxe6 29. Bf4 Rc2+ 30. Kg1 Bg4 31. h4 Bf3 32. a4 Rec6 33.
Rac1 Rg2+ 34. Kf1 Rcc2 35. Rxc2 Rxc2 36. Rc1 Rxc1+ 37. Bxc1 Kf7 38. b5 Ke6 39.
a5 Kd6 40. a6 bxa6 41. bxa6 Ke5 42. Be3 1-0

[Event "Winter TNM"]
[Site "San Francisco"]
[Date "2006.01.10"]
[Round "1"]
[White "Rudyak, Felix"]
[Black "Russell, Joe"]
[Result "1-0"]
[WhiteElo "1933"]
[BlackElo "1567"]
[PlyCount "41"]
[EventDate "2006.01.10"]
[EventType "swiss"]
[EventRounds "8"]
[EventCountry "USA"]

1. e4 c5 2. c3 d6 3. d4 cxd4 4. cxd4 Nf6 5. Nc3 e6 6. Nf3 Be7 7. Bd3 O-O 8. Qc2
Nc6 9. a3 h6 10. g4 Qb6 11. h4 Nxg4 12. Rg1 e5 13. Nd5 Qd8 14. Ne3 Nxe3 15.
Bxe3 Nxd4 16. Nxd4 exd4 17. Bxh6 Bf6 18. Qd2 Be5 19. Bxg7 Bxg7 20. Qh6 Qa5+ 21.
b4 1-0

[Event "Winter TNM"]
[Site "San Francisco"]
[Date "2006.01.10"]
[Round "1"]
[White "Sanguinetti, George"]
[Black "Robbins, Chuck"]
[Result "0-1"]
[WhiteElo "1954"]
[BlackElo "1590"]
[PlyCount "68"]
[EventDate "2006.01.10"]
[EventType "swiss"]
[EventRounds "8"]
[EventCountry "USA"]

1. e4 e6 2. d4 d5 3. Nc3 Bb4 4. e5 c5 5. Qg4 Ne7 6. Nf3 Nbc6 7. Bb5 O-O 8. Bxc6
bxc6 9. O-O cxd4 10. Nxd4 c5 11. Nf3 Ng6 12. Qh5 f6 13. Rd1 Bd7 14. Ne2 Qe8 15.
exf6 Rxf6 16. Bg5 Rf7 17. c3 Ba5 18. Be3 Rf5 19. Qh3 Bb6 20. Ng3 Rxf3 21. gxf3
e5 22. Qh5 Bc6 23. a4 d4 24. a5 Bc7 25. cxd4 exd4 26. Qxc5 Bxg3 27. Rxd4 Be5
28. Rg4 Bxf3 29. Rg5 Qb8 30. h4 Kh8 31. Rc1 Bh2+ 32. Kf1 Qd8 33. Qf5 Nxh4 34.
Qh3 Qd3+ 0-1

[Event "Winter TNM"]
[Site "San Francisco"]
[Date "2006.01.10"]
[Round "1"]
[White "Shankland, Sam"]
[Black "Woebcke, Carl"]
[Result "1-0"]
[WhiteElo "2012"]
[BlackElo "1670"]
[PlyCount "27"]
[EventDate "2006.01.10"]
[EventType "swiss"]
[EventRounds "8"]
[EventCountry "USA"]

1. e4 c5 2. Nc3 Nc6 3. g3 d6 4. Bg2 Nf6 5. d3 g6 6. Nge2 Bg7 7. h3 h5 8. Be3
Rb8 9. f4 b5 10. e5 Bd7 11. exf6 Bxf6 12. d4 Qa5 13. O-O e6 14. Ne4 1-0

[Event "Winter TNM"]
[Site "San Francisco"]
[Date "2006.01.10"]
[Round "1"]
[White "Standen, Julian"]
[Black "Grey, Peter"]
[Result "0-1"]
[WhiteElo "1669"]
[BlackElo "2000"]
[PlyCount "40"]
[EventDate "2006.01.10"]
[EventType "swiss"]
[EventRounds "8"]
[EventCountry "USA"]

1. d4 Nf6 2. Nf3 g6 3. Bg5 Bg7 4. Nbd2 d5 5. Bxf6 Bxf6 6. e4 dxe4 7. Nxe4 Bg7
8. Bc4 O-O 9. O-O Nd7 10. c3 Nf6 11. Nxf6+ Bxf6 12. Re1 b6 13. Ne5 Bb7 14. Qg4
e6 15. Rad1 Bd5 16. Re3 Bxc4 17. Nxc4 Qd5 18. Qe2 Rad8 19. Ne5 Bxe5 20. dxe5
Qxd1+ 0-1

[Event "Winter TNM"]
[Site "San Francisco"]
[Date "2006.01.10"]
[Round "1"]
[White "Starr, Albert"]
[Black "Naroditsky, Daniel"]
[Result "0-1"]
[WhiteElo "1496"]
[BlackElo "1880"]
[PlyCount "52"]
[EventDate "2006.01.10"]
[EventType "swiss"]
[EventRounds "8"]
[EventCountry "USA"]

1. b4 d5 2. e3 e5 3. b5 Nf6 4. Bb2 Bd6 5. Nf3 Nbd7 6. Be2 O-O 7. O-O c6 8. a4
Qc7 9. g3 e4 10. Nd4 c5 11. Nf5 Be5 12. c3 Nb6 13. Nh4 c4 14. a5 Nbd7 15. Na3
Nc5 16. Nc2 Nd3 17. Bxd3 cxd3 18. Nd4 Bxd4 19. cxd4 g5 20. Ng2 Bg4 21. Qb3 Bf3
22. Rfc1 Qd7 23. Rc5 Qh3 24. Ne1 Ng4 25. Qxd5 Qxh2+ 26. Kf1 Be2# 0-1

[Event "Winter TNM"]
[Site "San Francisco"]
[Date "2006.01.10"]
[Round "1"]
[White "Thornally, Frank"]
[Black "Salvo, Tab"]
[Result "1-0"]
[WhiteElo "2200"]
[BlackElo "1740"]
[PlyCount "81"]
[EventDate "2006.01.10"]
[EventType "swiss"]
[EventRounds "8"]
[EventCountry "USA"]

1. Nf3 Nf6 2. c4 g6 3. Nc3 Bg7 4. g3 O-O 5. Bg2 d6 6. O-O c5 7. d4 cxd4 8. Nxd4
a6 9. b3 Qc7 10. Bb2 Bd7 11. Rc1 Nc6 12. Nd5 Qd8 13. Nxf6+ Bxf6 14. Nxc6 Bxc6
15. Bxf6 exf6 16. Qd4 Qe7 17. e3 Bxg2 18. Kxg2 f5 19. Rfd1 Rad8 20. Kg1 Rd7 21.
c5 Rfd8 22. c6 bxc6 23. Rxc6 a5 24. Ra6 Rc8 25. Rxa5 Qd8 26. Qd5 h5 27. h4 Qb6
28. Rb5 Qa7 29. a4 Rc2 30. a5 Re7 31. Qd4 Qa8 32. Rd5 Re8 33. b4 Qa6 34. Qd3
Qc8 35. Rxd6 Rb2 36. Rd8 Qc6 37. Rxe8+ Qxe8 38. Qc3 Ra2 39. Qf6 Kh7 40. Rd8
Ra1+ 41. Kh2 1-0

[Event "Winter TNM"]
[Site "San Francisco"]
[Date "2006.01.10"]
[Round "1"]
[White "Todortsev, Victor"]
[Black "Naroditsky, Alan"]
[Result "1-0"]
[WhiteElo "1962"]
[BlackElo "1660"]
[PlyCount "55"]
[EventDate "2006.01.10"]
[EventType "swiss"]
[EventRounds "8"]
[EventCountry "USA"]

1. e4 c5 2. Nf3 d6 3. d4 cxd4 4. Nxd4 Nf6 5. Nc3 a6 6. a4 g6 7. Be2 Bg7 8. O-O
O-O 9. Be3 Qc7 10. f4 Nc6 11. Kh1 Bd7 12. Qd2 Rfd8 13. Rad1 Nxd4 14. Bxd4 e5
15. Be3 Bc6 16. Bf3 Qe7 17. fxe5 dxe5 18. Qf2 Rxd1 19. Rxd1 Qb4 20. Bc5 Qxb2
21. Qd2 Bh6 22. Qd3 Bc1 23. g4 h6 24. h4 Kg7 25. Ne2 Bf4 26. Nxf4 exf4 27. Bd4
Qb4 28. g5 1-0

[Event "Winter TNM"]
[Site "San Francisco"]
[Date "2006.01.10"]
[Round "1"]
[White "Traub, Igor"]
[Black "Oca, Homer"]
[Result "1-0"]
[WhiteElo "2074"]
[BlackElo "1678"]
[PlyCount "68"]
[EventDate "2006.01.10"]
[EventType "swiss"]
[EventRounds "8"]
[EventCountry "USA"]

1. e4 h6 2. d4 a6 3. f4 d6 4. Bd3 Nf6 5. Nf3 b5 6. O-O Bb7 7. Qe2 c5 8. c3 e6
9. e5 c4 10. Bc2 Nd5 11. f5 Qe7 12. b3 dxe5 13. bxc4 Nf4 14. Bxf4 exf4 15. fxe6
Qxe6 16. Qxe6+ fxe6 17. Bg6+ Ke7 18. cxb5 Nd7 19. Nh4 Kf6 20. Rxf4+ Kg5 21. Rf7
Rd8 22. g3 axb5 23. Nd2 Bd5 24. Rb1 Nf6 25. Rxb5 Kg4 26. Nf1 Ra8 27. Ne3+ Kg5
28. c4 Ra3 29. cxd5 Rxe3 30. dxe6+ Kg4 31. Bf5+ Kh5 32. Bh3+ g5 33. Rxf6 Bg7
34. Ng2 Bxf6 1-0

[Event "Winter TNM"]
[Site "San Francisco"]
[Date "2006.01.10"]
[Round "1"]
[White "Wang, Drake"]
[Black "Sainz, Guadalupe"]
[Result "1-0"]
[WhiteElo "2181"]
[BlackElo "1694"]
[PlyCount "63"]
[EventDate "2006.01.10"]
[EventType "swiss"]
[EventRounds "8"]
[EventCountry "USA"]

1. e4 c5 2. Nf3 d6 3. Bb5+ Bd7 4. Bxd7+ Qxd7 5. Qe2 Nc6 6. c3 g6 7. d4 cxd4 8.
cxd4 Bg7 9. Be3 e6 10. Nc3 Nge7 11. O-O O-O 12. Qd2 Rac8 13. Bh6 Na5 14. Bxg7
Kxg7 15. b3 Nac6 16. d5 exd5 17. Nxd5 f6 18. Nf4 Ne5 19. Nd4 Rfe8 20. Rad1 N7c6
21. Nb5 Qg4 22. f3 Qg5 23. Nxd6 Nd4 24. Nxe8+ Rxe8 25. Qxd4 Qxf4 26. Qxa7 Re7
27. Qc5 Nc6 28. b4 Rc7 29. b5 Na5 30. Qd6 Qe3+ 31. Kh1 Rc2 32. Qd7+ 1-0

[Event "Winter TNM"]
[Site "San Francisco"]
[Date "2006.01.10"]
[Round "1"]
[White "Wilkerson, Max"]
[Black "Regan, Jack"]
[Result "1-0"]
[WhiteElo "1900"]
[BlackElo "1564"]
[PlyCount "45"]
[EventDate "2006.01.10"]
[EventType "swiss"]
[EventRounds "8"]
[EventCountry "USA"]

1. Nf3 Nf6 2. c4 c5 3. g3 Nc6 4. Bg2 d6 5. O-O g6 6. Nc3 Bg7 7. d4 cxd4 8. Nxd4
Bd7 9. Nc2 O-O 10. b3 Rc8 11. Bg5 a6 12. Qd2 Qc7 13. Rac1 Bg4 14. Ne3 Bd7 15.
Ncd5 Qd8 16. Nxf6+ exf6 17. Bf4 Ne5 18. Bxb7 Rc7 19. Bg2 Bc6 20. Bxc6 Rxc6 21.
Nd5 g5 22. Be3 h6 23. Nb4 1-0

[Event "Winter TNM"]
[Site "San Francisco"]
[Date "2006.01.17"]
[Round "2"]
[White "Allen, Tom"]
[Black "Dembling, Arthur"]
[Result "0-1"]
[WhiteElo "1487"]
[BlackElo "1674"]
[PlyCount "80"]
[EventDate "2006.01.10"]
[EventType "swiss"]
[EventRounds "8"]
[EventCountry "USA"]

1. e4 e6 2. d4 d5 3. Nd2 c5 4. exd5 Qxd5 5. Ngf3 cxd4 6. Bc4 Qd6 7. O-O Nf6 8.
Nb3 Nc6 9. Re1 a6 10. Nbxd4 Nxd4 11. Qxd4 Bd7 12. Bf4 Qxd4 13. Nxd4 Rc8 14. Bd3
Bc5 15. Nf5 O-O 16. Nd6 Nh5 17. Nxc8 Nxf4 18. b4 Bd4 19. Nd6 Bxa1 20. Rxa1 Nxd3
21. cxd3 Bc6 22. Nc4 Rd8 23. Nb2 Kf8 24. f3 Rd4 25. a3 Ke7 26. Rc1 e5 27. Kf2
f6 28. Ke3 Ke6 29. Nc4 Bb5 30. Nb2 Kd7 31. Nc4 Ke6 32. Nb2 Kd7 33. Nc4 Bc6 34.
Na5 Bd5 35. Nc4 Ke6 36. Nb2 Bc6 37. Nc4 b5 38. Nxe5 Kxe5 39. Rc5+ Rd5 40. f4+
Kd6 0-1

[Event "Winter TNM"]
[Site "San Francisco"]
[Date "2006.01.17"]
[Round "2"]
[White "Bertot, German"]
[Black "Standen, Julian"]
[Result "0-1"]
[WhiteElo "1438"]
[BlackElo "1669"]
[PlyCount "85"]
[EventDate "2006.01.10"]
[EventType "swiss"]
[EventRounds "8"]
[EventCountry "USA"]

1. d4 d5 2. c4 c6 3. cxd5 cxd5 4. Nc3 Nc6 5. Nf3 Nf6 6. e3 a6 7. a3 Bf5 8. h3
e6 9. Nh4 Bg6 10. Nxg6 hxg6 11. Bd3 Bd6 12. b4 b5 13. Bb2 O-O 14. Rc1 Qb6 15.
O-O Rfc8 16. Qf3 Qd8 17. Ne2 Ne7 18. Ng3 Rxc1 19. Rxc1 Rc8 20. Rxc8 Qxc8 21.
Ne2 Qc6 22. Kh1 Qc7 23. g3 Nd7 24. e4 dxe4 25. Qxe4 Nd5 26. Nc1 N7f6 27. Qe1
Nb6 28. Nb3 Nc4 29. Bc1 e5 30. dxe5 Nxe5 31. Bb1 Qc6+ 32. f3 Nxf3 33. Qf2 Nd2+
34. Kg1 Nxb3 35. Bb2 Qd5 36. Qc2 Qf3 37. Qf2 Qxg3+ 38. Qxg3 Bxg3 39. Bc2 Nd2
40. Kg2 Bc7 41. Bd1 Nc4 42. Bc1 Be5 43. a4 0-1

[Event "Winter TNM"]
[Site "San Francisco"]
[Date "2006.01.17"]
[Round "2"]
[White "Capdeville, Barry"]
[Black "Chan, John"]
[Result "0-1"]
[WhiteElo "1213"]
[BlackElo "1659"]
[PlyCount "90"]
[EventDate "2006.01.10"]
[EventType "swiss"]
[EventRounds "8"]
[EventCountry "USA"]

1. e4 e6 2. d4 d5 3. e5 c5 4. Nf3 c4 5. Bf4 b5 6. Be2 h6 7. O-O Nc6 8. c3 g5 9.
Bg3 a5 10. Ne1 Nge7 11. Bh5 Nf5 12. Qf3 Ra7 13. Nc2 Bg7 14. Ne3 O-O 15. Ng4
Nce7 16. Qe2 Ng6 17. Bxg6 fxg6 18. Nd2 Raf7 19. h3 h5 20. Ne3 Bh6 21. Bh2 Nh4
22. f3 Bd7 23. g3 Nf5 24. Kh1 Kh7 25. Ng2 b4 26. Rf2 Ba4 27. Raf1 Bc2 28. Ne1
bxc3 29. Nxc2 cxd2 30. g4 Nh4 31. Na3 Qb6 32. f4 Qxd4 33. Qxd2 Qxd2 34. Rxd2
hxg4 35. hxg4 gxf4 36. Nc2 g5 37. Nd4 Re8 38. Nf3 Ng6 39. Bg1 Ne7 40. Rh2 Kg6
41. Nd4 Ng8 42. Bf2 Bg7 43. Nc6 a4 44. a3 Nh6 45. Nd4 Nxg4 0-1

[Event "Winter TNM"]
[Site "San Francisco"]
[Date "2006.01.17"]
[Round "2"]
[White "Grey, Peter"]
[Black "Dupree, Charles"]
[Result "1-0"]
[WhiteElo "2000"]
[BlackElo "1772"]
[PlyCount "55"]
[EventDate "2006.01.10"]
[EventType "swiss"]
[EventRounds "8"]
[EventCountry "USA"]

1. e4 c5 2. Nf3 e6 3. Nc3 a6 4. d4 cxd4 5. Nxd4 Qc7 6. Bd3 Nc6 7. Be3 Nf6 8.
O-O Be7 9. Nb3 b5 10. f4 d6 11. Qf3 Bb7 12. Kh1 h5 13. Qh3 Ng4 14. Bg1 O-O-O
15. Be2 Nf6 16. Nd5 Nxd5 17. exd5 Nb4 18. dxe6 Kb8 19. c3 Nd5 20. Nd4 Bc8 21.
f5 Rh6 22. a4 b4 23. cxb4 fxe6 24. Rac1 Qd7 25. Nc6+ Ka8 26. Nxd8 Bxd8 27. b5
exf5 28. bxa6 1-0

[Event "Winter TNM"]
[Site "San Francisco"]
[Date "2006.01.17"]
[Round "2"]
[White "Guarino, Robert"]
[Black "Sanguinetti, George"]
[Result "0-1"]
[WhiteElo "1587"]
[BlackElo "1954"]
[PlyCount "80"]
[EventDate "2006.01.10"]
[EventType "swiss"]
[EventRounds "8"]
[EventCountry "USA"]

1. e4 c5 2. Nc3 g6 3. f4 Bg7 4. Bc4 Nc6 5. Nf3 d6 6. O-O Nf6 7. d3 O-O 8. a4 a6
9. Kh1 b6 10. Rg1 Bb7 11. g4 Nb4 12. Bb3 e6 13. h3 Bc6 14. Ne2 d5 15. e5 d4 16.
Ng3 Nfd5 17. Kh2 b5 18. f5 Qc7 19. f6 Bh8 20. Bh6 Rfd8 21. Qe2 Rac8 22. h4 c4
23. dxc4 bxc4 24. Bxc4 Nxf6 25. Ng5 Bd5 26. Bxd5 Nfxd5 27. Rgf1 Rd7 28. Nf3
Nxc2 29. Rac1 Nde3 30. Bxe3 dxe3 31. Qxa6 Rd2+ 32. Kh3 Rb8 33. Ne4 Bxe5 34.
Nexd2 exd2 35. Nxd2 Bxb2 36. Rxc2 Qxc2 37. Qa7 Rf8 38. Nf3 Qc4 39. Rf2 Bg7 40.
Ng5 e5 {W time exp} 0-1